LIBRARY ONLINE CATALOGUE

Lagomorph biology : (Record no. 9112)

MARC details
000 -LEADER
fixed length control field 00733cam a22002292 4500
001 - CONTROL NUMBER
control field 0000019882
005 - DATE AND TIME OF LATEST TRANSACTION
control field 20151217152203.0
008 - FIXED-LENGTH DATA ELEMENTS--GENERAL INFORMATION
fixed length control field 110302s xx 000 0 eng d
020 ## - INTERNATIONAL STANDARD BOOK NUMBER
International Standard Book Number 3540724452 :
040 ## - CATALOGING SOURCE
Original cataloging agency KABU
Transcribing agency KABU
245 10 - TITLE STATEMENT
Title Lagomorph biology :
Remainder of title evolution, ecology and conservation /
Statement of responsibility, etc. Poulo C. Alves, Nuno Ferrand, Klaus Hacklander (editors)
250 ## - EDITION STATEMENT
Edition statement 1st ed.
260 ## - PUBLICATION, DISTRIBUTION, ETC. (IMPRINT)
Place of publication, distribution, etc. New York :
Name of publisher, distributor, etc. Springer,
Date of publication, distribution, etc. 2008.
300 ## - PHYSICAL DESCRIPTION
Extent xviii, 413 p.
650 #0 - SUBJECT ADDED ENTRY--TOPICAL TERM
Topical term or geographic name as entry element Logomorpha.
-- 0000179873
700 1# - ADDED ENTRY--PERSONAL NAME
Personal name Paulo C. Alves.
-- 0000179874
700 1# - ADDED ENTRY--PERSONAL NAME
Personal name Ferrand, Nuno.
-- 0000179875
700 1# - ADDED ENTRY--PERSONAL NAME
Personal name Hacklander, Klaus.
-- 0000179876
852 1# - LOCATION
-- p24000 KES
908 ## - PUT COMMAND PARAMETER (RLIN)
Put command parameter 110302
950 ## - LOCAL HOLDINGS (RLIN)
-- 1
Holdings
Withdrawn status Lost status Source of classification or shelving scheme Not for loan Home library Current library Date acquired Total Checkouts Full call number Barcode Date last seen Price effective from Koha item type
    Library of Congress Classification   Kabarak, Main Campus Kabarak, Main Campus 17/12/2015   QL737 .L3L34 2008 c.1 22167 17/12/2015 17/12/2015 General Collection